000 01091naa a22003257a 4500
001 BR9510680
003 BR-BrBNA
005 20240918181800.0
007 ta
008 230509b bl.||||| |||| 00| 0 por d
040 _aBR-BrBNA
_bpor
_cBiblioteca Nacional de Agricultura
041 _a(Pt)
072 _aF30
_b2480
090 _aF30 BR9510680
100 1 _aMekako, H.V.
100 1 _aAlika, J.E.
100 1 _aOnokpise, O.U.
111 1 _a3. Seminario Nacional da Seringueira
_cManaus, AM (Brazil)
_d23-29 Jun 1980
245 1 _aMelhoramento, cruzamento e selecao de Hevea na Nigeria
260 3 _aBrasilia, DF (Brasil):
_c1980.
500 _aAnais do 3. Seminario Nacional da Seringueira Brasilia, DF (Brasil): 1980. p. 528-553 (BR9510680-AM)F30
650 _aSeringueira
650 _aClone
650 _aTeste de Progenie
650 _aHibridacao
650 _aCruzamento Vegetal
773 0 _tAnais do 3. Seminario Nacional da Seringueira
_b
_wF30 BR9510680
_gBrasilia, DF (Brasil), 1980. p. 528-553
909 _a202404
_bLucia
_c55
_dLucia Elande
942 _cAM
_2AGRIS
999 _c326802
_d326802